000 00512nam a2200205Ia 4500
005 20221117122008.0
008 131103s9999 xx 000 0 und d
020 _cRs.16.50
040 _aLoreto College
041 _aEnglish
082 _a954.03
_bKIS
100 _aKishore,Brij
245 _aTara Bai and her times
_cBrij Kishore
260 _aBombay
_bAsia Publishing House
_c1963
300 _a232 p.
504 _aIncludes index
650 _aIndian Modern History
850 _aLCLIB
942 _cBK
999 _c9796
_d60275